000 01053nam a2200253Ia 4500
003 PE SENCICO BE
005 20251020182438.0
008 200515s9999 xx 000 0 und d
020 _a84-283-1939-1
040 _aPE SENCICO BE
_cPE SENCICO BE
041 _aspa
082 _a516.352
_bF39
100 1 _aFerrer Muñoz, José Luis
_93197
_eautor
245 1 0 _aSistema diédrico /
_cJosé Luis Ferrer Muñoz
250 _a5a ed.
_b2a reimp.
260 _aMadrid :
_bThomson ;
_c1982
300 _a172 páginas :
_bilustraciones, gráficos ;
_c26 cm.
490 _aDiseño y proyecto 1
505 0 _aIntroducción al sistema -- Representación y tipología de elementos básicos: punto, recta, plano -- Intersección entre rectas y planos -- Relaciones de posición: paralelismo, perpendicularidad -- Métodos: abatimiento, giros, cambios de plano -- Distancias -- Ángulos: obtener, condicionar
650 1 0 _aGeometría proyectista
_93198
650 2 0 _aRepresentación gráfica
_93199
650 2 0 _aGeometría plana
_91020
942 _cLIB
_2ddc
999 _c458
_d458